Equatorial Countries - Statistics

General Stats
  • This quiz has been taken 16 times
  • The average score is 8 of 10
Answer Stats
Country % Correct
Brazil
100%
Colombia
92%
Ecuador
92%
DR Congo
85%
Kenya
85%
Somalia
85%
Gabon
77%
Indonesia
77%
Uganda
77%
Congo
69%
No matching quizzes found
Score Distribution
Percent of People with Each Score
Percentile by Number Answered
Your Score History
You have not taken this quiz